Annihilation of caste with a reply to Mahatma Gandhi; (Record no. 84265)

MARC details
000 -LEADER
fixed length control field 00733cam a2200229 4500
001 - CONTROL NUMBER
control field sa 68012038
003 - CONTROL NUMBER IDENTIFIER
control field DLC
005 - DATE AND TIME OF LATEST TRANSACTION
control field 20260227112606.0
008 - FIXED-LENGTH DATA ELEMENTS--GENERAL INFORMATION
fixed length control field 691107s1968 ii c 000 0 eng
010 ## - LIBRARY OF CONGRESS CONTROL NUMBER
LC control number sa 68012038
025 ## - OVERSEAS ACQUISITION NUMBER
Overseas acquisition number PL480:I-E-10223
040 ## - CATALOGING SOURCE
Original cataloging agency DLC
Transcribing agency DLC
Modifying agency DLC
050 00 - LIBRARY OF CONGRESS CALL NUMBER
Classification number HT720
Item number .A76
082 00 - DEWEY DECIMAL CLASSIFICATION NUMBER
Classification number 301.44
100 1# - MAIN ENTRY--PERSONAL NAME
Personal name Ambedkar, B. R.
Fuller form of name (Bhimrao Ramji),
Dates associated with a name 1891-1956.
245 10 - TITLE STATEMENT
Title Annihilation of caste with a reply to Mahatma Gandhi;
Remainder of title and Castes in India: their mechanism, genesis, and development,
Statement of responsibility, etc. by B. R. Ambedkar.
260 ## - PUBLICATION, DISTRIBUTION, ETC.
Place of publication, distribution, etc. Jullundur City,
Name of publisher, distributor, etc. Bheem Patrika Publications,
Date of publication, distribution, etc. 1968.
300 ## - PHYSICAL DESCRIPTION
Extent xiii, 160 p.
Other physical details port.
Dimensions 18 cm.
350 ## - PRICE (NR) (BK AM CF MU VM SE) [OBSOLETE]
Price 5.00
650 #0 - SUBJECT ADDED ENTRY--TOPICAL TERM
Topical term or geographic name entry element Caste
Geographic subdivision India.
740 0# - ADDED ENTRY--UNCONTROLLED RELATED/ANALYTICAL TITLE
Uncontrolled related/analytical title Castes in India.

No items available.

Powered by Koha